| 000 -LEADER | |
|---|---|
| fixed length control field | 00443nam a22001697a 4500 |
| 005 - DATE AND TIME OF LATEST TRANSACTION | |
| control field | 20160630153241.0 |
| 008 - FIXED-LENGTH DATA ELEMENTS--GENERAL INFORMATION | |
| fixed length control field | 160630b xxu||||| |||| 00| 0 eng d |
| 020 ## - INTERNATIONAL STANDARD BOOK NUMBER | |
| ISBN | 81-8014-009-1 |
| 041 ## - LANGUAGE CODE | |
| Language code of text/sound track or separate title | eng |
| 082 ## - DEWEY DECIMAL CLASSIFICATION NUMBER | |
| Item number | 20004 |
| 100 ## - MAIN ENTRY--AUTHOR NAME | |
| Personal name | Gupta, B L & amit |
| 245 ## - TITLE STATEMENT | |
| Title | Roads, Railways, Bridges, Tunnels & harbour dock engineering |
| 260 ## - PUBLICATION, DISTRIBUTION, ETC. (IMPRINT) | |
| Name of publisher | Standard Public |
| Year of publication | 2014 |
| 300 ## - PHYSICAL DESCRIPTION | |
| Number of Pages | 5126 |
| 650 ## - SUBJECT ADDED ENTRY--TOPICAL TERM | |
| Topical Term | Diploma Engineering |
| 942 ## - ADDED ENTRY ELEMENTS (KOHA) | |
| Koha item type | Books |
| Lost status | Damaged status | Home library | Date acquired | Cost, normal purchase price | Full call number | Accession Number | Koha item type | Current library | Shelving location | Collection code |
|---|---|---|---|---|---|---|---|---|---|---|
| JRU Library | 30/06/2016 | 450.00 | 20004 | 20004 | Books | |||||
| JRU Library | 30/06/2016 | 450.00 | 20004 | 20005 | Books | SHELF-44-G | ||||
| JRU Library | 30/06/2016 | 450.00 | 20004 | 20006 | Books | SHELF-44-G | ||||
| JRU Library | 30/06/2016 | 450.00 | 20004 | 20007 | Books | SHELF-44-G | ||||
| JRU Library | 30/06/2016 | 450.00 | 20004 | 20008 | Books | SHELF-44-G | ||||
| JRU Library | 30/06/2016 | 450.00 | 20004 | 20009 | Books | SHELF-44-G | ||||
| JRU Library | 30/06/2016 | 450.00 | 20004 | 20010 | Books | SHELF-44-G | ||||
| JRU Library | 30/06/2016 | 450.00 | 20004 | 20011 | Books | SHELF-44-G | ||||
| JRU Library | 30/06/2016 | 450.00 | 20004 | 20012 | Books | SHELF-44-G | ||||
| JRU Library | 30/06/2016 | 450.00 | 20004 | 20013 | Books | SHELF-44-G | ||||
| JRU Library | 30/06/2016 | 450.00 | 20004 | 20014 | Books | SHELF-52-C | CS/IT | |||
| JRU Library | 30/06/2016 | 450.00 | 20004 | 20015 | Books | SHELF-44-G | ||||
| JRU Library | 30/06/2016 | 450.00 | 20004 | 20016 | Books | SHELF-44-G | ||||
| JRU Library | 30/06/2016 | 450.00 | 20004 | 20017 | Books | |||||
| JRU Library | 30/06/2016 | 450.00 | 20004 | 20018 | Books | SHELF-44-G |